Entidades de población: Concepción

Spremljeno u:
Bibliografski detalji
Autor kompanije: Dirección de Estadística y Censos (Autor)
Format: Knjiga
Jezik:španjolski
Izdano: s.l s.n 1960
Teme:
Oznake: Dodaj oznaku
Bez oznaka, Budi prvi tko označuje ovaj zapis!

MARC

LEADER 00000nam a2200000 a 4500
001 UCO4269
003 CL-VaPUC
008 000728e19600000cl |||||||||||||||||spa|d
082 0 4 |a 310.983  |b DIR  |2 21 
110 2 |a Dirección de Estadística y Censos  |e author  |9 448627 
245 1 0 |a Entidades de población: Concepción 
300 |a 112 p 
942 |c BK 
945 |d 20000728 00:00:00  |a crobeson 
260 |a s.l  |b s.n  |c 1960 
650 7 |a CENSO 1960  |2 CL-VaPUC  |9 448628 
650 0 |a Población  |9 257577 
650 0 |a Vivienda  |9 258662 
650 0 |a Estadísticas  |9 258644 
650 0 |a Demografía   |9 260008 
651 7 |a CHILE  |2 CL-VaPUC  |9 448629 
651 0 |a Concepción  |9 254982 
583 |a last modification  |c 20170808 05:30:08  |k Rodrigo Vera 
999 |c 290334  |d 290332 
952 |0 0  |1 0  |4 0  |6 310_983000000000000_DIR_1960  |7 0  |8 X  |9 339672  |a BIBHIS  |b BIBHIS  |d 2019-11-20  |i 121246K  |o 310.983 DIR 1960  |p 121246K  |r 2024-01-30  |w 2019-11-20  |y BK_X  |k HIS